000 00688nam a2200169 a 4500
001 000043907
005 20201002045035.0
008 140508s1967 sp 000 0 spa d
040 _aDO-SdBNP
_bspa
_cBNPHU
100 1 _aFlorez Estrada, Alvaro
_971805
245 1 0 _aEn Defensa de las Cortes :
_bcon dos apendices, uno sobre la libertad de imprenta y otro en defensa de los derechos de reunión y de asociación /
_cAlvaro Florez Estrada ; edición e introducción Jesús Munarriz Peralta.
260 _aMadrid, :
_bCiencia nueva,
_c1967.
300 _a168 p. ;
_c18 cm.
490 1 _aLos clásicos
_v1
700 1 2 _aMunarriz Peralta, Jesús
_eint.
_960488
830 0 _aLos clásicos
_n1
_971806
999 _c43396
_d43396